Las desventuras del dinero pb︢lico Elega̕ al principio de ±riesgo y ventura» /

Bibliographic Details
Main Author: Fuertes, Mercedes
Format: eBook
Language:Spanish
Published: Madrid: Marcial Pons 2018
Subjects:
Online Access:Acceso restringido

MARC

LEADER 00000nam a22000007a 4500
005 2021122200220.0
007 cr|||| |||
008 211222s2018 es |||||s|||| 00||0 spa d
020 |a 978-84-9123-719-8 
035 |a 33650 
040 |a vLex 
090 |c 12772  |d 12772 
100 1 |a Fuertes, Mercedes 
245 1 3 |a Las desventuras del dinero pb︢lico  |h [Recurso electrn̤ico] :  |b Elega̕ al principio de ±riesgo y ventura» /  |c Mercedes Fuertes 
256 |a Servicio en ln̕ea 
260 |a Madrid:  |b Marcial Pons  |c 2018 
300 |a 1 recurso electrn̤ico 
500 |a Los l︢timos aǫs han mostrado cm̤o proyectos de grandes infraestructuras, cuya ejecucin̤ se asumi ̤por empresas concesionarias que confiaban en sustanciosos beneficios, han dejado unas millonarias deudas que la Hacienda Pb︢lica -esto es, todos los espaǫles- ha de atender ahora. Y ello a pesar de que el nc︢leo del rǧimen jurd̕ico de las concesiones administrativas consiste en que el concesionario ejecuta el proyecto a su 'riesgo y ventura'. El presente libro afronta el anl̀isis de la vigencia de este principio. Tras desgranar los avatares de tres conocidos proyectos (el almacň subterrǹeo Castor, las autopistas radiales y una concesin̤ ferroviaria), la autora profundiza en sus org̕enes, en la evolucin̤ que ha vivido, en las matizaciones que han debilitado su defensa, en los obstc̀ulos levantados por los nuevos mecanismos de financiacin̤ de las infraestructuras pb︢licas y resalta las enseąnzas que pueden recogerse del conocimiento de la Historia. ¿Se podrǹ evitar as ̕en el futuro los errores del pasado? La autora perfila las va̕s para ello. 
506 1 |a Disponible solo en los productos indicados  |d vLex Global  |d vLex Global (Academic Edition, excluding Law Schools)  |d vLex Global (U.S. Academic Edition, Law Schools)  |d vLex Global (U.S. Academic Edition, excluding Law Schools)  |d vLex Global (Academic Edition, Law Schools) 
650 0 4 |a Derecho Pb︢lico y Administrativo  |z Espaą 
740 0 |a vLex Libros (Servicio en ln̕ea) 
856 4 0 |u https://app.vlex.com/#/sources/33650  |z Acceso restringido 
942 |c BOOK 
999 0 |a Public and Administrative Law